00621nam a2200169 a 4500008004100000020001500041050001500056100002200071245004400093250001400137260003200151300002000183350000900203995009100212999001700303952013100320120416s0000 ||||||||||||||||| || u a0070923833 aTA 352 Bee aBeer, Ferdinand P10aVector mechanics for engineers dynamics aSI metric aNew YorkbMcGraw-Hillc1981 axv, 974p. : ill a0.00 D0.00FCBU-MAIN LIBRARY (Kitwe)H1I25.00UDAMAGEDZMain Library Open Access Collection c61259d61259 00102lcc4070a001b001cMain Library Open Access Collectiond2022-11-30l0oTA 352 Beep014108r2022-11-30w2022-11-30y002